| 000 | 00336nam a2200121Ia 4500 | ||
|---|---|---|---|
| 008 | 220120s9999||||xx |||||||||||||| ||und|| | ||
| 082 | _a621.8 DAS | ||
| 100 | _aDas, J.B.K and Murthy, Srinivasa, P.L | ||
| 245 | 0 | _aDynamics of machine | |
| 260 |
_aSapna book house _bDhavanagere _c2013 |
||
| 300 |
_aVI, 330p. _b210 |
||
| 650 | _aMECHANICAL | ||
| 999 |
_c132851 _d132851 |
||